Základy marxistickej filozofie /

Uložené v:
Podrobná bibliografia
Médium: Kniha
Jazyk:Slovak
Vydané: Bratislava : Vydavateľstvo politickej literatúry, 1963.
Vydanie:4. opr. a dopl. vyd.
ISBN: (viaz.)
Fyzický popis: 636 s.
Tagy: Pridať tag
Žiadne tagy, Buďte prvý kto otaguje tento záznam!

MARC

LEADER 00000cam a22000007a 4500
001 000177708
005 20090929190139.0
008 961101s1963 xo r slo d
020 |a (viaz.) 
040 |a SVKKK  |b slo  |c SVKKK  |e AACR2 
041 1 |a slo 
044 |a xo  |c SK 
245 0 0 |a Základy marxistickej filozofie /  |c red. T. Suchá. 
250 |a 4. opr. a dopl. vyd. 
260 |a Bratislava :  |b Vydavateľstvo politickej literatúry,  |c 1963. 
300 |a 636 s. 
700 1 |a Suchá, T.  |4 red 
765 0 |t Osnovy marksistskoj filozofii 
910 |a svkkk 
998 |a BK 
090 |g SCKHL  |k Sklad Pribinova 2. posch.  |a II.169427  |i 177708-10  |s Absenčne